Las prohibiciones de disponer o la fuerza constitutiva del Registro

Detalles Bibliográficos
Autor principal: Cano Martn̕ez de Velasco, Jos ̌Ignacio
Formato: Desconocido
Lenguaje:español
Publicado: Barcelona : Bosch, 2006
Materias:
Acceso en línea:Acceso restringido

MARC

LEADER 00000ny a22000003n 4500
005 20110623164148.0
006 m u
007 cr cn|||||||||
008 200806r20062008sp |||||s|||||||||||spa d
020 |a 9788476987599 
035 |a 1331 
040 |a FlNmELB  |c FlNmELB  |d vlex 
050 1 4 |a KKT668  |b C227 2006eb 
080 |a 347.21(460) 
080 |a 347.235(460) 
080 |a 347.235.11(460) 
090 |c 1198  |d 1198 
100 1 |a Cano Martn̕ez de Velasco, Jos ̌Ignacio 
245 1 4 |a Las prohibiciones de disponer o la fuerza constitutiva del Registro  |h [Recurso electrn̤ico]  |c Jos ̌Ignacio Cano Martn̕ez de Velasco 
256 |a Servicio en ln̕ea 
260 |a Barcelona :  |b Bosch,  |c 2006 
300 |a 210 p. ;  |c 25 cm 
504 |a Bibliogr. : p. 193-203 
506 1 |a Contenido solo disponible en los productos indicados  |d vLex Global  |d vLex Global (Academic Edition, excluding Law Schools)  |d vLex Global (U.S. Academic Edition, Law Schools)  |d vLex Global (U.S. Academic Edition, excluding Law Schools)  |d vLex Global (Academic Edition, Law Schools) 
650 0 7 |a Registro de la propiedad  |2 Tesauro vLex 
650 0 7 |a Civil  |2 Tesauro vLex 
650 0 7 |a Derecho inmobiliario registral  |2 Tesauro vLex 
650 0 7 |a Derecho hipotecario  |2 Tesauro vLex 
740 0 |a vLex Libros (Servicios en ln̕ea) 
856 4 0 |z Acceso restringido  |u http://vlex.com/source/prohibiciones-disponer-fuerza-registro-1331 
942 |c BOOK